00760 2200217 4500001002100000005001500021035002000036007000300056008004100059020002200100082001100122084001700133100001200150245015700162250000600319260003600325300003000361650002300391500011100414990001700525INLIS00000000000120120251208084407 a0010-1023000021ta251208 j 0 ind  a978-979-3973-79-1 a530.03 a530.03 SUN a0 aSundoro1 aAmazing experiments :bperamal suhu,lembaran yang berharga.panas bumi yang berlimpah,perekam kenangan,wadah pendingin sederhana,pemberi kuasa /cSundoro a- aJakarta :bPustaka Lebah,c2008 a39 :bilus. ;c28.8 cme- 4aSains ,Experiments aEksperimen begitu menyenangkan karena kita bisa mengamati sekaligus menguji coba sendiri ilmu pengetahuan. a00076/R/2014